[Event "Treviso Lega op-B 2nd"]
[Site "Treviso"]
[Date "2018.03.04"]
[Round "4"]
[White "Posocco, Dennis"]
[Black "Bressan, Andrea"]
[Result "1-0"]
[WhiteElo "1518"]
[BlackElo "1568"]
[PlyCount "75"]
[EventDate "2018.03.02"]
[EventType "swiss"]
[EventRounds "5"]
[EventCountry "ITA"]
[SourceTitle "EXT 2022"]
[Source "ChessBase"]
[SourceDate "2021.10.06"]
[SourceVersion "1"]
[SourceVersionDate "2021.10.06"]
[SourceQuality "1"]

1. e4 e5 2. Nf3 Nc6 3. d4 exd4 4. Nxd4 Nf6 5. f3 d6 6. Nc3 Be7 7. Be3 Bd7 8. Be2 0-0 9. Qd2 a6 10. a4 Re8 11. 0-0 h6 12. Rae1 Nxd4 13. Bxd4 Bf8 14. Bc4 Be6 15. Bxe6 fxe6 16. f4 e5 17. Bf2 Ng4 18. Bg3 h5 19. h3 Nf6 20. Re2 c6 21. Nd1 Nd7 22. Ne3 h4 23. Bh2 exf4 24. Rxf4 Be7 25. Rf1 Nc5 26. Nf5 Bf6 27. Nxd6 Re6 28. e5 Be7 29. Nf5 Nxa4 30. Qf4 Nb6 31. Nxg7 Kxg7 32. Qf7+ Kh8 33. Qxe6 Qd4+ 34. Kh1 Nd5 35. Qh6+ Kg8 36. Bg1 Qc4 37. Qe6+ Kh8 38. Rf7 1-0

[Event "Treviso Lega op-B 2nd"]
[Site "Treviso"]
[Date "2018.03.02"]
[Round "1"]
[White "Bertapelle, Andrea"]
[Black "Posocco, Dennis"]
[Result "1-0"]
[WhiteElo "1713"]
[BlackElo "1518"]
[PlyCount "59"]
[EventDate "2018.03.02"]
[EventType "swiss"]
[EventRounds "5"]
[EventCountry "ITA"]
[SourceTitle "EXT 2022"]
[Source "ChessBase"]
[SourceDate "2021.10.06"]
[SourceVersion "1"]
[SourceVersionDate "2021.10.06"]
[SourceQuality "1"]

1. c4 e5 2. g3 Nf6 3. Bg2 Nc6 4. e4 Bc5 5. d3 d6 6. h3 h6 7. Ne2 Nh7 8. 0-0 Ng5 9. Kh2 Be6 10. Nbc3 a6 11. f4 Nh7 12. f5 Bd7 13. Nd5 Ne7 14. f6 Nxd5 15. fxg7 Rg8 16. exd5 Rxg7 17. Bxh6 Rg6 18. Qd2 f5 19. Be3 Bxe3 20. Qxe3 Ng5 21. Nd4 Qe7 22. Nxf5 Bxf5 23. Rxf5 Kd7 24. Raf1 Rg7 25. h4 Rh8 26. Kg1 Nf7 27. Qf2 Nh6 28. Rf6 Rhh7 29. Bh3+ Ng4 30. Qf5+ 1-0

[Event "Arco Christmas op 8th"]
[Site "Arco"]
[Date "2017.12.28"]
[Round "4"]
[White "Viola, Enrico"]
[Black "Posocco, Dennis"]
[Result "1-0"]
[WhiteElo "1863"]
[BlackElo "1495"]
[PlyCount "87"]
[EventDate "2017.12.26"]
[EventType "swiss"]
[EventRounds "7"]
[EventCountry "ITA"]
[SourceTitle "CBM 182 Extra"]
[Source "ChessBase"]
[SourceDate "2018.02.23"]
[SourceVersion "1"]
[SourceVersionDate "2018.02.23"]
[SourceQuality "1"]

1. d4 d5 2. Nf3 Nf6 3. g3 c6 4. Bg2 h6 5. 0-0 Nbd7 6. b3 Qc7 7. Bb2 g5 8. Nbd2 Bg7 9. c4 e6 10. Qc2 g4 11. Ne5 Nxe5 12. dxe5 Nd7 13. cxd5 Nxe5 14. dxc6 Rb8 15. Rac1 0-0 16. cxb7 Qxc2 17. Rxc2 Bxb7 18. Ba3 Bxg2 19. Kxg2 Rfd8 20. Rfc1 h5 21. Bb2 Ng6 22. Bxg7 Kxg7 23. Ne4 h4 24. Nc5 h3+ 25. Kf1 Rd5 26. Nd3 Rbd8 27. Ke1 e5 28. Rc5 Kf6 29. Rxd5 Rxd5 30. Rc4 Rd4 31. Rxd4 exd4 32. Kd2 Kf5 33. f3 f6 34. fxg4+ Kxg4 35. Nf2+ Kf5 36. Nxh3 Ne5 37. Nf2 Kg5 38. h3 Kf5 39. Nd3 Nc6 40. b4 a6 41. a3 Nb8 42. Nc5 Ke5 43. Kd3 Kd5 44. h4 1-0

[Event "Chioggia op-B 12th"]
[Site "Chioggia"]
[Date "2017.10.06"]
[Round "1"]
[White "Posocco, Dennis"]
[Black "Rosina, Graziano"]
[Result "1/2-1/2"]
[WhiteElo "1624"]
[BlackElo "1830"]
[PlyCount "71"]
[EventDate "2017.10.06"]
[EventType "swiss"]
[EventRounds "5"]
[EventCountry "ITA"]
[SourceTitle "EXT 2022"]
[Source "ChessBase"]
[SourceDate "2021.10.06"]
[SourceVersion "1"]
[SourceVersionDate "2021.10.06"]
[SourceQuality "1"]

1. e4 e5 2. Nf3 Nf6 3. Nc3 Nc6 4. Bc4 Nxe4 5. Bxf7+ Kxf7 6. Nxe4 d5 7. Neg5+ Kg8 8. d3 h6 9. Nh3 Bg4 10. c3 Qf6 11. Bd2 Re8 12. Qe2 e4 13. dxe4 Rxe4 14. Be3 Ne5 15. Nhg1 Bc5 16. 0-0-0 Bxe3+ 17. fxe3 c6 18. h3 Bxf3 19. gxf3 Ra4 20. b3 Ra6 21. f4 Nf7 22. Qc2 Nd6 23. Nf3 g6 24. Rhg1 Kh7 25. Rg2 Qf5 26. Qxf5 Nxf5 27. Re1 Re8 28. Ne5 Re6 29. Kb2 c5 30. Rge2 Nd6 31. Nd7 Re7 32. Nf6+ Kg7 33. Nxd5 Rd7 34. e4 Nxe4 35. Rxe4 Rxd5 36. R1e2 1/2-1/2